The art of focus : (Record no. 15445)

MARC details
000 -LEADER
fixed length control field 01760 a2200229 4500
001 - CONTROL NUMBER
control field 11450
003 - CONTROL NUMBER IDENTIFIER
control field IN-BhIIT
005 - DATE AND TIME OF LATEST TRANSACTION
control field 20260424160548.0
008 - FIXED-LENGTH DATA ELEMENTS--GENERAL INFORMATION
fixed length control field 260317b |||||||| |||| 00| 0 eng d
020 ## - INTERNATIONAL STANDARD BOOK NUMBER
ISBN 9780143452744 (pbk.)
040 ## - CATALOGING SOURCE
Original cataloging agency IN-BhIIT
041 ## - LANGUAGE CODE
Language code of text eng
082 ## - DEWEY DECIMAL CLASSIFICATION NUMBER
Classification number 294.544
Book number DAS/A
100 ## - MAIN ENTRY--AUTHOR NAME
Personal name Das, Gauranga
Relator term Author
245 ## - TITLE STATEMENT
Title The art of focus :
Sub Title 45 stories ti uplift the mind and transform thr heart /
Statement of responsibility, etc Gauranga Das.
260 ## - PUBLICATION, DISTRIBUTION, ETC. (IMPRINT)
Place of publication Gurugram :
Name of publisher Penguin Ananda,
Year of publication 2022.
300 ## - PHYSICAL DESCRIPTION
Number of Pages xv, 264 p. :
Other physical details(ill.) ill. ;
Dimensions(size) 22 cm.
520 ## - SUMMARY, ETC.
Summary, etc The Covid-19 pandemic has transformed the world we live in, more so than all the recent events put together. The pandemic has made humans question certain assumptions, relook at priorities and adjust life according to the new normal in the twenty-first century. As we take stock of the life ahead, beyond this cusp of change, focus emerges as the fulcrum to help ease this transformation. The Art of Focus, the second book in this three-part series, presents forty-five simple stories filled with revelations to enthral readers with learnings from the experiences of the protagonists and the dynamics of the situations that manifested in their lives. The first book in the series, The Art of Resilience, presented ingredients to the readers to help them inculcate resilience in challenging situations that manifested at the start of the Covid-19 pandemic. TheArt of Focus builds on the first book and inspires the resilient heart to develop a focused mind. This collective presentation will better equip the readers to take charge of their lives and adapt to the new normal effectively.
650 ## - SUBJECT ADDED ENTRY--TOPICAL TERM
Topical Term Religions
General subdivision Religious life.
Topical Term Religious life
General subdivision Hinduism.
942 ## - ADDED ENTRY ELEMENTS (KOHA)
Koha item type Gratis Book
Holdings
Withdrawn status Lost status Damaged status Not for loan Collection code Home library Current library Date acquired Source of acquisition Cost, normal purchase price Full call number Accession Number Cost, replacement price Price effective from Koha item type
Not withdrawn Not Lost not damaged   GEN Central Library, IIT Bhubaneswar Central Library, IIT Bhubaneswar 26/02/2026 22 187.50 294.544 DAS/A 11450 250.00 26/02/2026 General Books

Central Library, Indian Institute of Technology Bhubaneswar, 4th Floor, Administrative Building, Argul, Khordha, PIN-752050, Odisha, India
Phone: +91-674-7138750 | Email: circulation.library@iitbbs.ac.in (For circulation related queries),
Email: info.library@iitbbs.ac.in (For other queries)